La ciencia y la cultura también objeto de represión en Guatemala

Guardado en:
Bibliografiske detaljer
Institution som forfatter: Comisión de Derechos Humanos de Guatemala
Format: Texto
Udgivet: Managua :
Tags: Tilføj Tag
Ingen Tags, Vær først til at tagge denne postø!

MARC

LEADER 00000 a a2200000 04500
001 14404
003
040
090 |a 022700  
110 |a Comisión de Derechos Humanos de Guatemala  
245 |a La ciencia y la cultura también objeto de represión en Guatemala  
260 |a Managua :  
300 |a 2 p.  
999 |c 13830  |d 13830